| 000 | 00455cam a2200193ua 4500 | ||
|---|---|---|---|
| 001 | 3596 | ||
| 008 | 191012n II |||gr||||Z||||||asm | ||
| 040 | _aMAIN | ||
| 041 | _aEnglish | ||
| 082 | _a530 BAR | ||
| 100 | _aBARUAH, BIRENDRA KUMAR. | ||
| 245 | _aPADARTHA BIGYAN | ||
| 250 | _a1ST. | ||
| 260 |
_aGUWAHATI _bASSAM BOOK DEPOT _c1988. |
||
| 300 |
_a256.: _c20CM. |
||
| 653 | _aPhysics | ||
| 700 |
_aBARUAH, BIRENDRA KUMAR., _eAuthor. |
||
| 942 | _cBK | ||
| 999 |
_c3584 _d3584 |
||